University Home | Library Home | Institutional Repository

Tanzania; local politics and the structure of power. (Record no. 188418)

MARC details
000 -LEADER
fixed length control field 00982cam2a220027700 4500
001 - CONTROL NUMBER
control field lce00852561
008 - FIXED-LENGTH DATA ELEMENTS--GENERAL INFORMATION
fixed length control field 740118s1974 wiua bs 001 0 eng
010 ## - LIBRARY OF CONGRESS CONTROL NUMBER
LC control number 73002048 //r85
020 ## - INTERNATIONAL STANDARD BOOK NUMBER
International Standard Book Number 0299064107
020 ## - INTERNATIONAL STANDARD BOOK NUMBER
Terms of availability
-- 3.50
035 ## - SYSTEM CONTROL NUMBER
System control number (Sirsi) r69548
035 ## - SYSTEM CONTROL NUMBER
System control number (DLC) 73002048 //r85
035 ## - SYSTEM CONTROL NUMBER
System control number (UPRA)lce00852561
043 ## - GEOGRAPHIC AREA CODE
Geographic area code f-tz---
050 0# - LIBRARY OF CONGRESS CALL NUMBER
Classification number JS7697.9.M682
Item number S24 1974
082 ## - DEWEY DECIMAL CLASSIFICATION NUMBER
Classification number 320.9/678/26
100 1# - MAIN ENTRY--PERSONAL NAME
Personal name Samoff, Joel.
Linkage A30680.1
245 10 - TITLE STATEMENT
Title Tanzania; local politics and the structure of power.
260 ## - PUBLICATION, DISTRIBUTION, ETC.
Place of publication, distribution, etc. [Madison]
Name of publisher, distributor, etc. University of Wisconsin Press
Date of publication, distribution, etc. [1974]
504 ## - BIBLIOGRAPHY, ETC. NOTE
Bibliography, etc. note Bibliography: p. 257-273.
610 20 - SUBJECT ADDED ENTRY--CORPORATE NAME
Corporate name or jurisdiction name as entry element TANU (Organization)
Linkage S916.1
650 #0 - SUBJECT ADDED ENTRY--TOPICAL TERM
Topical term or geographic name entry element Local government -- Tanzania -- Moshi.
Geographic subdivision Local government -- Tanzania -- Moshi.
-- Local government -- Tanzania -- Moshi.
Linkage S22351.1
949 ## - LOCAL PROCESSING INFORMATION (OCLC)
a JS7697.9.M682
w lcc
i 33729001884886
m MAIN
p 2500
t BOOK
l ON-SHELF
949 ## - LOCAL PROCESSING INFORMATION (OCLC)
a JS7697.9.M682
w lcc
i -94196
m MAIN
t BOOK
l ON-SHELF

No items available.

© 2026 - The University of Zambia Library - Koha v25.11